000 00393 a2200169 4500
001 157036
020 _a9788574421476
040 _cEscola São Tomás de Aquino
100 _aFONTES, Rosa Maria Miguel
240 1 0 _aO abraço das cores
_lpor
245 1 0 _aO abraço das cores
300 _a44 p.
362 0 _a2013
440 1 _aMiguilim
697 _a*LITERATURA INFANTO
942 _cBK
999 _c157036
_d157036